[Event "Lima Palma Memorial U1850 1st"]
[Site "Lima"]
[Date "2018.01.25"]
[Round "4.7"]
[White "Tello Ormeno, Daniel"]
[Black "Chavez Mogrovejo, Juan Luis"]
[Result "0-1"]
[WhiteElo "1748"]
[BlackElo "1613"]
[PlyCount "108"]
[EventDate "2018.01.23"]
[EventType "swiss"]
[EventRounds "8"]
[EventCountry "PER"]
[SourceTitle "EXT 2024"]
[Source "ChessBase"]
[SourceDate "2023.10.10"]
[SourceVersion "1"]
[SourceVersionDate "2023.10.10"]
[SourceQuality "1"]

1. e4 g6 2. d4 Bg7 3. Nc3 c5 4. dxc5 Qa5 5. Bd2 Qxc5 6. Nf3 Nf6 7. Bd3 0-0 8. 0-0 d6 9. h3 Qc7 10. Re1 Nc6 11. a3 a6 12. Bg5 e6 13. Qd2 b5 14. Rad1 Bb7 15. Bf1 Ne8 16. Bh6 Rd8 17. Bxg7 Kxg7 18. Qf4 Qe7 19. Rd2 f5 20. Qg5 f4 21. Red1 h6 22. Qxe7+ Nxe7 23. Nd4 Kf7 24. f3 Nc6 25. Nb3 Ke7 26. Nd4 Nf6 27. Nxc6+ Bxc6 28. Ne2 g5 29. Nd4 Bb7 30. c4 bxc4 31. Bxc4 d5 32. exd5 Nxd5 33. Bb3 Rd6 34. Rc1 Rfd8 35. Rdc2 Ne3 36. Rc7+ R8d7 37. Rxd7+ Kxd7 38. Ba4+ Kd8 39. Nc6+ Bxc6 40. Rxc6 Rxc6 41. Bxc6 Kc7 42. Be8 Kd6 43. b3 Kc5 44. Bf7 e5 45. Kf2 a5 46. g4 Nc2 47. Ke2 Nxa3 48. Kd3 Nb5 49. Ke4 Nd4 50. Kxe5 Nxf3+ 51. Ke4 Ng1 52. h4 Kb4 53. hxg5 hxg5 54. Kd3 f3 0-1